| 000 | 00695nam a2200181 4500 | ||
|---|---|---|---|
| 008 | 050727s1993 tnu b 000 0 eng | ||
| 020 | _a0805410562 :USD14.99 | ||
| 090 |
_aBV4011.5 _bT76m |
||
| 100 | 1 | _aTrull, Joe E. | |
| 245 | 1 | 0 |
_aMinisterial ethics : _bbeing a good minister in a not-so-good world / _c[Joe E. Trull & James E. Carter]. |
| 260 |
_a[Nashville, Tenn.] : _bBroadman & Holman Publishers, _cc1993. |
||
| 300 |
_a256 p. ; _c23 cm. |
||
| 504 | _aIncludes bibliographical references. | ||
| 650 | 4 |
_aClergy _xConduct of life. |
|
| 650 | 4 |
_aClergy _xProfessional ethics. |
|
| 700 | 1 |
_aCarter, James E., _d1935- |
|
| 951 |
_p16975 _x00014424 _oBV4011.5/T76m _j070613111506421 _d2000-12-21 _cGC |
||
| 999 |
_c23963 _d23963 |
||